| 000 | 00508nam a2200169 a 4500 | ||
|---|---|---|---|
| 001 | 000040229 | ||
| 005 | 20201002034010.0 | ||
| 008 | 130819s1971 sp d 000 0 spa d | ||
| 040 |
_aDO-SdBNP _bspa _cBNPHU |
||
| 082 | _axxx | ||
| 100 | 1 |
_aPaz, Octavio _950324 |
|
| 245 | 1 | 0 |
_aTraduccion : literatura y literalidad / _cOctavio Paz. |
| 260 |
_aBarcelona, EspaƱa : _bTusquets, _c1971. |
||
| 300 |
_a78 p. : _bdiagr. ; _c18 cm. |
||
| 490 | 1 |
_aCuadernos marginales _v18 |
|
| 830 | 0 |
_aCuadernos marginales _v18 _921689 |
|
| 999 |
_c39719 _d39719 |
||